| 000 | 00610nam a22001937a 4500 | ||
|---|---|---|---|
| 003 | OSt | ||
| 005 | 20260318004235.0 | ||
| 008 | 260318b |||||||| |||| 00| 0 eng d | ||
| 020 | _a971-23-3074-5. | ||
| 040 |
_aDWCL Main lib _cOC |
||
| 082 | _aFil. 490.7 P132 2001 | ||
| 100 | _aCasanova, Arthur P. | ||
| 245 |
_aPagbasa at pagsulat sa ibat ibang disiplina _cArthur P. Casanova |
||
| 260 |
_aManila : _bRex Book Store, _cc2001. |
||
| 300 |
_axxi, 291 p. ; _c22 cm. |
||
| 504 | _aIncludes bibliographical references. | ||
| 650 | _a1. Filipino language-Study and teaching. | ||
| 942 |
_2ddc _cBK - FIL _kFil. _n0 |
||
| 999 |
_c9247 _d9247 |
||